Statistics for Capitals of Asian Monarchies

Click here to take the quiz!

General Stats

  • This quiz has been taken 617 times
    (67 since last reset)
  • The average score is 11 of 13

Answer Stats

CountryCapital% Correct
Saudi ArabiaRiyadh
97%
QatarDoha
90%
JordanAmman
88%
ThailandBangkok
88%
KuwaitKuwait City
88%
OmanMuscat
88%
JapanTokyo
88%
BruneiBandar Seri Begawan
87%
BahrainManama
87%
United Arab EmiratesAbu Dhabi
85%
MalaysiaKuala Lumpur
85%
CambodiaPhnom Penh
77%
BhutanThimphu
75%

Score Distribution

Percentile by Number Answered

Percent of People with Each Score

Your Score History

You have not taken this quiz since the last reset